00642nam a2200217 a 4500001001300000003000900013005001700022008004100039020001000080082001600090245003600106260004400142300000800186500003500194650002200229710002700251902000800278942000700286952011600293999001500409nice12345678IN_TiNIC20260116011736.0070917s0000 hyda grp 000 0 eng  ac10000a269.2bHMI4 aChristian Witmess Among Muslims aHyderabadbHenry Martyn Institutec0000 a84p aincludes index and biblioraphy aEvangelistic Work2 aHenry Martyn Institute bSRS cBK 001040708StackRoom-aHMIbHMId2007-09-17g100.00l0o269.2 HMI4p07777r2007-09-17v100.00w2007-09-17yBK c3621d3621